000 00513nam a2200217Ia 4500
008 101110s9999 xx 000 0 und d
041 _aENGLISH
082 _bSR29964
100 _aD'souza E.J.
245 _aModern India (1857-1984)
260 _c2007
_bManan Prakashan, Mumbai
300 _a362
365 _b110
520 _aHistory
546 _aENGLISH
630 _aModern India (1857-1984)
650 _aHistory
655 _aHistory
730 _aModern India (1857-1984)
942 _cBOOK
999 _c822472
_d822469